drapeau des pays avec les couleurs inversés - Statistiques

Statistiques générales
  • Ce quiz a été pris 19 fois
  • Le résultat moyen est 12 sur 20
Statistiques - réponses
Par images Réponse % Correct
bosnie herzégovine
93%
bresil
93%
Andorre
87%
burkina faso
80%
cameroun
80%
republique centrafricaine
73%
norvege
67%
guatemala
60%
malawi
60%
mongolie
60%
grenade
53%
bolivie
47%
fidji
47%
jordanie
47%
tuvalu
47%
erythree
40%
iran
40%
ouzbekistan
40%
russie
33%
Saint Christophe et Niévès
20%
Aucun quiz correspondant
Distribution des résultats
% des personnes avec chaque résultat
Percentile par nombre de réponses
Votre historique - résultats
Vous n’avez pas pris ce quiz